Statistics for Oceanian Geography By Letter C - Picture Quiz

Click here to take the quiz!

General Stats

  • This quiz has been taken 197 times
  • The average score is 3 of 9

Answer Stats

Answer% Correct
Canberra
89%
Christchurch
74%
Cook Islands
67%
Cockatoo
36%
Canterbury
23%
Chuuk
13%
{Cooper} Creek
13%
Caroline Islands
9%
Chamorro
4%

Score Distribution

Percentile by Number Answered

Percent of People with Each Score

Your Score History

You have not taken this quiz